000 00641nam a2200241Ia 4500
003 OSt
005 20221006155248.0
006 a|||||r|||| 00| 0
007 ta
008 221006b |||||||| |||| 00| 0 eng d
024 _a41,327
037 _cSeries Articles
040 _aEASL
_cEASL
_beng
041 _2eng
_aeng
100 _aZang Xiaowei
_9601790
245 0 _aUyghur-Han earnings differentials in Urumchi
260 _aCanberra
_bAustralian National University Australia
_c2011
300 _a141-156
_ccm.
490 _v65
650 _aChina
942 _cREF
_2CC
999 _c1109413
_d1109413